000 01084nam0a22002411 4500
001 rc\468110
005 20030616172243.3
035 _a(NLR Aleph) 005712154
090 _a7389531
_c7389531
100 _a20030616d1987 u |0rusy50 ca
101 0 _arus
102 _aRU
105 _ay |||||||||
200 1 _aИДЕОЛОГИЧЕСКАЯ диверсия - оружие империализма
_eМетод. материал в помощь лекторам ком. комсомола и идеол. актива
_fАлма-Ат. обл. орг. о-ва "Знание", Алма-Ат. обком ЛКСМ Казахстана. Лект. группа
_g[Подгот. Чекембаев С.М.]
210 _aАлма-Ата
_cБ. и.
_d1987
215 _a14 с.
_d20
702 1 _aЧекембаев
_bС. М.
_4570
712 0 2 _a"Знание", о-во КазССР
_cАлма-Ата
_bАлма-Атинская обл. ораганизация
_3RU\NLR\AUTH\889959127
801 0 _aRU
_bNLR
_gpsbo
801 1 _aRU
_bELAR
_2rusmarc
852 _aNLR
_j88-4/11164
942 _cBOOK
980 _aNB